000 00591nam a22002417a 4500
003 UA-OsUOA
001 62660
007 ta
008 20090909b un ||||| |||| 00| 0 ukr d
100 _aКраус О.
700 _aКулка Э.
090 _a821.161.1
_bК78
942 _cBK
040 _aUA-OsUOA
_brus
_cUA-OsUOA
_dUA-OsUOA
245 _aФабрика смерти
300 _a293 с.
955 _a2
041 _arus
080 _a821.161.1
260 _aМ.
_c1960
650 7 _a82 Література. Літературознавство
_2UDC
999 _c348748
_d348748